<?xml version="1.0" encoding="UTF-8"?>
<record
    xmlns:xsi="http://www.w3.org/2001/XMLSchema-instance"
    xsi:schemaLocation="http://www.loc.gov/MARC21/slim http://www.loc.gov/standards/marcxml/schema/MARC21slim.xsd"
    xmlns="http://www.loc.gov/MARC21/slim">

  <leader>02445nam a2200397 i 4500</leader>
  <controlfield tag="001">57728</controlfield>
  <controlfield tag="003">CO-BoRNBP</controlfield>
  <controlfield tag="005">20250729154623.0</controlfield>
  <controlfield tag="007">ta</controlfield>
  <controlfield tag="008">231206s2023    ck ao||er     00| 0dspa d</controlfield>
  <datafield tag="020" ind1=" " ind2=" ">
    <subfield code="a">978586657938 </subfield>
    <subfield code="q">Siglo del hombre editores</subfield>
  </datafield>
  <datafield tag="020" ind1=" " ind2=" ">
    <subfield code="a">9789561424944</subfield>
    <subfield code="q">Ediciones Universidad Cat&#xF3;lica de Chile</subfield>
  </datafield>
  <datafield tag="040" ind1=" " ind2=" ">
    <subfield code="a">CO-BoRNBP</subfield>
    <subfield code="b">spa</subfield>
    <subfield code="e">rda</subfield>
    <subfield code="c">CO-BoRNBP</subfield>
  </datafield>
  <datafield tag="041" ind1="0" ind2=" ">
    <subfield code="a">spa</subfield>
  </datafield>
  <datafield tag="082" ind1="0" ind2="4">
    <subfield code="a">613.2  </subfield>
    <subfield code="b">B82m</subfield>
    <subfield code="2">22</subfield>
  </datafield>
  <datafield tag="084" ind1=" " ind2=" ">
    <subfield code="a">RES00855</subfield>
  </datafield>
  <datafield tag="100" ind1="1" ind2=" ">
    <subfield code="a">Bueno, Susan,</subfield>
    <subfield code="e">autora</subfield>
    <subfield code="9">59015</subfield>
  </datafield>
  <datafield tag="245" ind1="1" ind2="0">
    <subfield code="a">Medicina en tu cocina </subfield>
    <subfield code="b">c&#xF3;mo los alimentos benefician al sistema inmune </subfield>
    <subfield code="c">autoras y editoras Susan Bueno y Claudia Riedel ; ilustraciones Carolina Garz&#xF3;n Blanco</subfield>
  </datafield>
  <datafield tag="250" ind1=" " ind2=" ">
    <subfield code="a">Edici&#xF3;n especial para el Ministerio de las Culturas</subfield>
  </datafield>
  <datafield tag="264" ind1=" " ind2="1">
    <subfield code="a">Bogot&#xE1;, Colombia</subfield>
    <subfield code="b">Siglo del Hombre Editores</subfield>
    <subfield code="c">2023</subfield>
  </datafield>
  <datafield tag="300" ind1=" " ind2=" ">
    <subfield code="a">105 p&#xE1;ginas</subfield>
    <subfield code="b">ilustraciones y fotograf&#xED;as a color</subfield>
    <subfield code="c">23 cm</subfield>
  </datafield>
  <datafield tag="336" ind1=" " ind2=" ">
    <subfield code="a">texto</subfield>
    <subfield code="b">txt</subfield>
    <subfield code="2">rdacontenido</subfield>
  </datafield>
  <datafield tag="337" ind1=" " ind2=" ">
    <subfield code="a">sin mediaci&#xF3;n</subfield>
    <subfield code="b">n</subfield>
    <subfield code="2">rdamedio</subfield>
  </datafield>
  <datafield tag="338" ind1=" " ind2=" ">
    <subfield code="a">volumen</subfield>
    <subfield code="b">nc</subfield>
    <subfield code="2">rdasoporte</subfield>
  </datafield>
  <datafield tag="500" ind1=" " ind2=" ">
    <subfield code="a">Incluye datos biogr&#xE1;ficos de los autores</subfield>
  </datafield>
  <datafield tag="500" ind1=" " ind2=" ">
    <subfield code="a">Incluye &#xED;ndice y glosario</subfield>
  </datafield>
  <datafield tag="520" ind1="3" ind2=" ">
    <subfield code="a">El sistema inmune est&#xE1; compuesto por c&#xE9;lulas y tejidos cuya principal funci&#xF3;n es defendernos de elementos potencialmente da&#xF1;inos para nuestra salud, protegiendo y respetando nuestros propios tejidos. Lo que comemos tiene un efecto directo en el funcionamiento de nuestras defensas, por lo que la correcta elecci&#xF3;n de los alimentos es fundamental para la salud del sistema inmune.

Medicina en tu cocina: c&#xF3;mo los alimentos benefician al sistema inmune entrega informaci&#xF3;n sobre c&#xF3;mo algunos alimentos benefician o perjudican el fun- cionamiento del sistema inmune. Conocer aquellos alimentos que son m&#xE1;s beneficiosos y aquellos que pueden perjudicar nuestras defensas nos ayuda a elegir una dieta que mejore nuestra calidad de vida y la de nuestros seres queridos.

Los alimentos que m&#xE1;s benefician al sistema inmune nos ayudan a vivir de manera m&#xE1;s saludable y... &#xA1;son deliciosos!

(Tomado a partes del texto).</subfield>
  </datafield>
  <datafield tag="521" ind1=" " ind2=" ">
    <subfield code="a">Recomendado para un p&#xFA;blico adulto</subfield>
  </datafield>
  <datafield tag="650" ind1="1" ind2="7">
    <subfield code="a">Nutrici&#xF3;n</subfield>
    <subfield code="x">Aspectos inmunol&#xF3;gicos </subfield>
    <subfield code="2">ARMARC</subfield>
    <subfield code="9">59016</subfield>
  </datafield>
  <datafield tag="650" ind1="1" ind2="7">
    <subfield code="a">Diet&#xE9;tica</subfield>
    <subfield code="2">ARMARC</subfield>
    <subfield code="9">59017</subfield>
  </datafield>
  <datafield tag="650" ind1="1" ind2="7">
    <subfield code="a">H&#xE1;bitos alimenticios </subfield>
    <subfield code="2">ARMARC</subfield>
    <subfield code="9">17816</subfield>
  </datafield>
  <datafield tag="650" ind1="1" ind2="7">
    <subfield code="a">Inmunolog&#xED;a</subfield>
    <subfield code="2">ARMARC</subfield>
    <subfield code="9">59018</subfield>
  </datafield>
  <datafield tag="700" ind1="1" ind2=" ">
    <subfield code="a">Riedel, Claudia,</subfield>
    <subfield code="e">autora</subfield>
    <subfield code="9">59019</subfield>
  </datafield>
  <datafield tag="700" ind1="1" ind2=" ">
    <subfield code="a">Garz&#xF3;n Blanco, Carolina,</subfield>
    <subfield code="e">ilustradora</subfield>
    <subfield code="9">866</subfield>
  </datafield>
  <datafield tag="942" ind1=" " ind2=" ">
    <subfield code="2">ddc</subfield>
    <subfield code="c">BK</subfield>
  </datafield>
  <datafield tag="999" ind1=" " ind2=" ">
    <subfield code="c">57728</subfield>
    <subfield code="d">57728</subfield>
  </datafield>
  <datafield tag="952" ind1=" " ind2=" ">
    <subfield code="0">0</subfield>
    <subfield code="1">0</subfield>
    <subfield code="2">ddc</subfield>
    <subfield code="4">0</subfield>
    <subfield code="7">0</subfield>
    <subfield code="8">GEN</subfield>
    <subfield code="a">MERESTRE</subfield>
    <subfield code="b">MERESTRE</subfield>
    <subfield code="c">GEN</subfield>
    <subfield code="d">2025-07-29</subfield>
    <subfield code="l">0</subfield>
    <subfield code="o">613.2   B82m</subfield>
    <subfield code="p">RES00855</subfield>
    <subfield code="r">2025-07-29 15:46:34</subfield>
    <subfield code="t">Ej.1</subfield>
    <subfield code="w">2025-07-29</subfield>
    <subfield code="y">BK</subfield>
  </datafield>
</record>
